| 000 | 00702nam a2200193 a 4500 | ||
|---|---|---|---|
| 003 | 0 | ||
| 005 | 20250203140654.0 | ||
| 008 | 130824s19uu xx 00 eng d | ||
| 050 |
_aPHS HM 742 _b.W489 201 |
||
| 100 | _aWermuth, Christienne Alex T. | ||
| 245 |
_aRelationship of facebook usage and self-esteem / _cChristienne Alex T. Wermuth. |
||
| 260 |
_aLas PiƱs City, Philippines : _bSouthville International School and Colleges. _c2013. |
||
| 300 |
_a32 p. : _bill. ; _c28 cm. |
||
| 504 | _aIncludes bibliographical references. | ||
| 650 |
_aFacebook (Firm) _vPsychological aspects. |
||
| 650 |
_aSocial media _vPsychological aspects. |
||
| 650 |
_aSelf-esteem _vSocial aspects. |
||
| 942 |
_2lcc _cPASS |
||
| 999 |
_c98941 _d98941 |
||